[Event "Memorial Nicola Palladino A"]
[Site "Milano ITA"]
[Date "2012.04.07"]
[Round "3"]
[White "Guzzetti, Luigi Enrico"]
[Black "Montoli, Marco"]
[Result "1-0"]
[WhiteElo "1943"]
[BlackElo "1921"]
[PlyCount "115"]
[EventDate "2012.04.05"]

1. e4 c5 2. Nf3 e6 3. d4 cxd4 4. Nxd4 Nc6 5. Be3 a6 6. Be2 Nf6 7. Nc3 Qc7 8.
O-O Bb4 9. f3 O-O 10. a3 Bxc3 11. bxc3 d5 12. Bg5 Ne8 13. exd5 exd5 14. Qd2 f6
15. Bf4 Qf7 16. Rfe1 Ne5 17. Bd3 Nxd3 18. cxd3 g5 19. Bg3 Ng7 20. Bd6 Re8 21.
Rxe8+ Nxe8 22. Bc5 Qc7 23. Nb3 b6 24. Bd4 Bd7 25. Re1 Qd6 26. Qb2 Rc8 27. Nc1
b5 28. Qb4 Qxb4 29. axb4 Bf5 30. g4 Bg6 31. Re7 Rc6 32. Kf2 Kf8 33. Ra7 Kg8 34.
Ke2 Bf7 35. Nb3 Nc7 36. Nc5 Kg7 37. Kd2 h6 38. Nd7 Ne8 39. Nb8 Rc7 40. Rxa6 Rb7
41. Nc6 Nc7 42. Ra5 Ne6 43. Be3 Be8 44. Na7 Bd7 45. Kc2 Nc7 46. Kb3 Kf7 47. Bf2
Ne6 48. Bg3 Nd8 49. Ra6 Ne6 50. Nc6 Bxc6 51. Rxc6 d4 52. c4 bxc4+ 53. Kxc4 Ke7
54. b5 Rd7 55. b6 Rb7 56. Kb5 Kd7 57. Rxe6 Kxe6 58. Kc6 1-0

[Event "Memorial Nicola Palladino A"]
[Site "Milano ITA"]
[Date "2012.04.07"]
[Round "3"]
[White "Marchini, Daniele"]
[Black "Di Chiara, Mauro"]
[Result "0-1"]
[WhiteElo "1845"]
[BlackElo "1977"]
[PlyCount "96"]
[EventDate "2012.04.05"]

1. d4 d6 2. c4 Nf6 3. Nc3 g6 4. e4 Bg7 5. Nf3 O-O 6. Be2 e5 7. Be3 exd4 8. Nxd4
Re8 9. f3 c6 10. Qd2 d5 11. exd5 cxd5 12. O-O Nc6 13. Rad1 Nxd4 14. Bxd4 Be6
15. cxd5 Nxd5 16. Bxg7 Kxg7 17. Bb5 Qb6+ 18. Rf2 Red8 19. Nxd5 Rxd5 20. Qc3+
Kg8 21. Rxd5 Bxd5 22. a4 Be6 23. g3 Rc8 24. Qd2 Bb3 25. Kg2 a6 26. Qd3 Be6 27.
Bxa6 bxa6 28. Rd2 Qc6 29. Qa3 Qc1 30. Qd6 Bb3 31. a5 Qxd2+ 32. Qxd2 Rc2 33.
Qxc2 Bxc2 34. b4 Bd3 35. Kf2 f5 36. Ke3 Bb5 37. Kf4 Kf7 38. Kg5 Kg7 39. h4 h6+
40. Kf4 Kf6 41. g4 g5+ 42. hxg5+ hxg5+ 43. Ke3 f4+ 44. Kd4 Bc6 45. b5 axb5 46.
a6 Bxf3 47. Kd3 Bxg4 48. Ke4 Bc8 0-1

[Event "Memorial Nicola Palladino A"]
[Site "Milano ITA"]
[Date "2012.04.07"]
[Round "3"]
[White "Motola, Jacopo"]
[Black "Villa, Giorgio"]
[Result "1-0"]
[WhiteElo "1932"]
[BlackElo "1954"]
[PlyCount "91"]
[EventDate "2012.04.05"]

1. e4 d5 2. exd5 Qxd5 3. Nc3 Qd6 4. d4 Nf6 5. Nf3 c6 6. Ne5 Be6 7. Bf4 Qd8 8.
Bc4 Bxc4 9. Nxc4 g6 10. O-O Bg7 11. Re1 O-O 12. Bg5 Nbd7 13. d5 cxd5 14. Nxd5
e6 15. Nc3 Qc7 16. Nd6 Rad8 17. Nde4 Qa5 18. Qf3 Qf5 19. Qxf5 gxf5 20. Nxf6+
Bxf6 21. Bxf6 Nxf6 22. Rad1 Rxd1 23. Rxd1 Rc8 24. Kf1 Kf8 25. Ke2 Ke7 26. Rd4
a6 27. h3 Rd8 28. Rxd8 Kxd8 29. Ke3 Ke7 30. Kf4 Kd6 31. Kg5 Ne4+ 32. Nxe4+ fxe4
33. Kf6 b5 34. Kxf7 Ke5 35. Kg7 Kf4 36. Kxh7 e5 37. Kg6 e3 38. fxe3+ Kxe3 39.
Kf5 e4 40. h4 b4 41. h5 a5 42. h6 a4 43. h7 b3 44. axb3 axb3 45. cxb3 Kd3 46.
h8=Q 1-0

[Event "Memorial Nicola Palladino A"]
[Site "Milano ITA"]
[Date "2012.04.07"]
[Round "3"]
[White "Sbarra, Marco"]
[Black "Pelizzola, Danilo"]
[Result "1/2-1/2"]
[WhiteElo "2305"]
[BlackElo "2010"]
[PlyCount "94"]
[EventDate "2012.04.05"]

1. d4 Nf6 2. c4 e6 3. Nc3 Bb4 4. e3 O-O 5. Bd3 d5 6. Nf3 b6 7. a3 Bxc3+ 8. bxc3
dxc4 9. Bxc4 Bb7 10. O-O Nbd7 11. a4 c5 12. Bd3 Qc7 13. Qe2 Be4 14. Nd2 Bxd3
15. Qxd3 Rfd8 16. e4 cxd4 17. cxd4 Rac8 18. f3 Ne5 19. Qe3 Nc4 20. Nxc4 Qxc4
21. Rd1 Qc3 22. Qxc3 Rxc3 23. Bg5 Rdc8 24. Kf2 Rc2+ 25. Rd2 Kf8 26. Ke2 Nd7 27.
Ra2 Rxa2 28. Rxa2 f6 29. Be3 Ke7 30. Kd3 Kd6 31. g4 g6 32. h4 a6 33. g5 Ke7 34.
gxf6+ Kxf6 35. Bg5+ Kf7 36. Rb2 Rc6 37. h5 Nf6 38. hxg6+ hxg6 39. f4 Nd7 40.
Bd8 Ke8 41. Bh4 Kf7 42. Be1 Rc1 43. Bd2 Ra1 44. a5 Ra3+ 45. Bc3 b5 46. Rb1 Nf6
47. Ra1 Rxa1 1/2-1/2

[Event "Memorial Nicola Palladino A"]
[Site "Milano ITA"]
[Date "2012.04.07"]
[Round "3"]
[White "Virzi, Ettore"]
[Black "Gonella, Daniele"]
[Result "1/2-1/2"]
[WhiteElo "1944"]
[BlackElo "2112"]
[PlyCount "96"]
[EventDate "2012.04.05"]

1. e4 e5 2. Nf3 Nc6 3. Bb5 Nf6 4. O-O Nxe4 5. d4 Nd6 6. Bxc6 dxc6 7. dxe5 Nf5
8. Qxd8+ Kxd8 9. Nc3 Ke8 10. h3 Be7 11. Rd1 h6 12. Ne2 Bd7 13. b3 a5 14. Bb2
Rg8 15. g4 Nh4 16. Nxh4 Bxh4 17. Rd2 c5 18. Nc3 h5 19. Rad1 Bc6 20. Nd5 Bd8 21.
a4 hxg4 22. hxg4 Rh8 23. c4 Rh3 24. Rd3 Rxd3 25. Rxd3 Bd7 26. f3 c6 27. Ne3 Bg5
28. Nf5 Bxf5 29. gxf5 Rd8 30. Rxd8+ Kxd8 31. e6 fxe6 32. fxe6 Be3+ 33. Kg2 Bd4
34. Bc1 Ke7 35. Kg3 Kxe6 36. Kg4 Bc3 37. Be3 Bd4 38. Bc1 Bf6 39. Be3 b6 40. f4
g6 41. Bd2 Bd8 42. Bc3 b5 43. Bd2 b4 44. Be3 Be7 45. Kf3 Kf5 46. Bd2 Bd6 47.
Be3 Be7 48. Bd2 Bf6 1/2-1/2

[Event "Memorial Nicola Palladino A"]
[Site "Milano ITA"]
[Date "2012.04.08"]
[Round "4"]
[White "Altini, Nicola"]
[Black "Astengo, Corrado"]
[Result "1-0"]
[WhiteElo "2242"]
[BlackElo "2122"]
[PlyCount "55"]
[EventDate "2012.04.05"]

1. Nf3 d5 2. c4 e6 3. b3 Nf6 4. g3 c5 5. Bg2 Nc6 6. O-O d4 7. d3 Be7 8. Na3 O-O
9. Nc2 e5 10. e3 h6 11. exd4 cxd4 12. Re1 Bd6 13. b4 Nxb4 14. Nxb4 Bxb4 15.
Rxe5 Qc7 16. Rb1 a5 17. a3 Bc5 18. Re2 Bg4 19. h3 Be6 20. Bf4 Qe7 21. Nh4 Ra7
22. Qd2 Kh7 23. Nf5 Qd8 24. Nxg7 Kxg7 25. Bxh6+ Kh7 26. Qg5 Rg8 27. Qh4 Kg6 28.
Re5 1-0

[Event "Memorial Nicola Palladino A"]
[Site "Milano ITA"]
[Date "2012.04.08"]
[Round "4"]
[White "Cazzaniga, Walter"]
[Black "Petrone, Gianmario"]
[Result "1/2-1/2"]
[WhiteElo "2124"]
[BlackElo "1899"]
[PlyCount "116"]
[EventDate "2012.04.05"]

1. d4 Nf6 2. c4 g6 3. Nc3 Bg7 4. e4 d6 5. Nf3 O-O 6. Be2 e5 7. O-O exd4 8. Nxd4
Re8 9. f3 Nc6 10. Be3 Nh5 11. Nc2 f5 12. Qd2 Be6 13. Rad1 Qf6 14. Nd5 Qf7 15.
b3 Rad8 16. a4 a5 17. g4 Nf6 18. exf5 gxf5 19. g5 Nd7 20. Nxc7 Rf8 21. Nxe6
Qxe6 22. f4 Nc5 23. Bf3 Qc8 24. Qd5+ Kh8 25. Bxc5 Ne7 26. Qxb7 Qxc5+ 27. Kh1
Ng6 28. Rd5 Rb8 29. Qd7 Rfd8 30. Qxf5 Qc7 31. Rb5 Rxb5 32. Qxb5 Nxf4 33. Ne3
Be5 34. Nd5 Nxd5 35. Bxd5 Rb8 36. Rf7 Qd8 37. Qd7 Qg8 38. Qf5 Bg7 39. g6 hxg6
40. Qh3+ Qh7 41. Qxh7+ Kxh7 42. Bb7 Kh6 43. Kg2 Bc3 44. Kf3 Re8 45. Be4 Rb8 46.
Bc2 Re8 47. Rd7 Re6 48. h4 Bb4 49. Be4 Rf6+ 50. Kg4 Rf1 51. Bd5 Rg1+ 52. Kh3
Rd1 53. Bg8 Rd3+ 54. Kg2 Kh5 55. Rh7+ Kg4 56. Be6+ Kf4 57. h5 gxh5 58. Rxh5
Rxb3 1/2-1/2

[Event "Memorial Nicola Palladino A"]
[Site "Milano ITA"]
[Date "2012.04.08"]
[Round "4"]
[White "Di Chiara, Mauro"]
[Black "Bozzali, Ermanno"]
[Result "1-0"]
[WhiteElo "1977"]
[BlackElo "2123"]
[PlyCount "97"]
[EventDate "2012.04.05"]

1. d4 f5 2. Nf3 Nf6 3. c4 e6 4. g3 c6 5. Bg2 d5 6. O-O Bd6 7. b3 Qe7 8. Bb2 O-O
9. Nbd2 b6 10. Ne5 Bb7 11. Ndf3 Ne4 12. Rc1 a5 13. Ne1 c5 14. N1d3 Na6 15. dxc5
bxc5 16. e3 Nb4 17. cxd5 exd5 18. a3 Nxd3 19. Nxd3 g5 20. Qh5 Nd2 21. Nxc5 Bxc5
22. Rxc5 Rfc8 23. Rxc8+ Rxc8 24. Rd1 Rc2 25. Qe2 Rxb2 26. Rxd2 Rxb3 27. Qd1 Rb5
28. a4 Rc5 29. Bxd5+ Bxd5 30. Rxd5 Rxd5 31. Qxd5+ Kg7 32. Qxa5 Qe4 33. Qc3+ Kg6
34. Qb3 Qc6 35. Qd1 g4 36. a5 Qb5 37. Qa1 Qa6 38. Qa2 Qd3 39. Qe6+ Kg5 40. Qc6
h5 41. a6 Qb1+ 42. Kg2 Qa2 43. Qb7 h4 44. gxh4+ Kxh4 45. a7 f4 46. Qh7+ Kg5 47.
exf4+ Kxf4 48. Qc7+ Kg5 49. Qd8+ 1-0

[Event "Memorial Nicola Palladino A"]
[Site "Milano ITA"]
[Date "2012.04.08"]
[Round "4"]
[White "Gagliardi, Christian"]
[Black "Sbarra, Marco"]
[Result "1/2-1/2"]
[WhiteElo "2233"]
[BlackElo "2305"]
[PlyCount "109"]
[EventDate "2012.04.05"]

1. d4 Nf6 2. Nf3 d5 3. c3 g6 4. Bf4 Bg7 5. e3 O-O 6. Nbd2 Nc6 7. h3 Nd7 8. Be2
e5 9. dxe5 Ndxe5 10. Nxe5 Nxe5 11. Nf3 Nxf3+ 12. Bxf3 c6 13. O-O Qb6 14. Qb3
Bf5 15. Rfe1 Rfe8 16. Rac1 Bf6 17. Red1 Qxb3 18. axb3 a5 19. g4 Be4 20. Be2 g5
21. Bd6 a4 22. bxa4 Rxa4 23. Rd2 Rea8 24. f3 Bg6 25. Ba3 b5 26. Bd3 Kg7 27.
Bxg6 Kxg6 28. Kg2 Re8 29. Rd3 Be7 30. Bxe7 Rxe7 31. Kf2 f5 32. Rd4 Ra2 33. Rb4
h5 34. gxh5+ Kxh5 35. Rg1 Ra4 36. Rxa4 bxa4 37. Ra1 Rb7 38. Ra2 c5 39. Kg3 c4
40. Rxa4 Rxb2 41. f4 Rb3 42. fxg5 Kxg5 43. h4+ Kg6 44. Ra6+ Kg7 45. Ra7+ Kf6
46. Kf4 Rxc3 47. h5 Rb3 48. Ra6+ Kg7 49. Rd6 Rd3 50. Kxf5 c3 51. h6+ Kh7 52.
Kg5 Rxe3 53. Rd7+ Kh8 54. Rd8+ Kh7 55. Rd7+ 1/2-1/2

[Event "Memorial Nicola Palladino A"]
[Site "Milano ITA"]
[Date "2012.04.08"]
[Round "4"]
[White "Gilardi, Davide"]
[Black "Gallucci, Alessio"]
[Result "0-1"]
[WhiteElo "1976"]
[BlackElo "2238"]
[PlyCount "66"]
[EventDate "2012.04.05"]

1. d4 Nf6 2. c4 e6 3. Nf3 Bb4+ 4. Bd2 Be7 5. Nc3 d5 6. cxd5 exd5 7. Bg5 O-O 8.
e3 Nbd7 9. Bd3 Re8 10. O-O Nf8 11. Qc2 c6 12. Rab1 Bg4 13. Nd2 Bh5 14. b4 Bg6
15. b5 Rc8 16. bxc6 bxc6 17. Bxg6 hxg6 18. Bxf6 gxf6 19. Na4 Ne6 20. Nb3 f5 21.
Nbc5 Ng5 22. Rb7 Rc7 23. Rfb1 Bd6 24. Rxc7 Qxc7 25. Rb7 Qc8 26. Qb3 Qd8 27.
Rxa7 f4 28. Nb7 fxe3 29. fxe3 Bxh2+ 30. Kh1 Qb8 31. Ra6 Ne4 32. Qb2 Qg3 33.
Nbc5 Nf2+ 0-1

[Event "Memorial Nicola Palladino A"]
[Site "Milano ITA"]
[Date "2012.04.08"]
[Round "4"]
[White "Martinez, Rolly"]
[Black "Cani, Gazmir"]
[Result "1-0"]
[WhiteElo "2419"]
[BlackElo "2155"]
[PlyCount "75"]
[EventDate "2012.04.05"]

1. e4 Nf6 2. e5 Nd5 3. d4 d6 4. c4 Nb6 5. exd6 exd6 6. Nc3 Be7 7. Bd3 O-O 8.
Nge2 Nc6 9. O-O Nb4 10. Bb1 g6 11. a3 Nc6 12. d5 Ne5 13. b3 Bf6 14. h3 a5 15.
a4 Re8 16. Ra2 Bg7 17. Nb5 Bd7 18. Ned4 Bxb5 19. Nxb5 Nc8 20. f4 c6 21. dxc6
bxc6 22. fxe5 cxb5 23. Rxf7 bxc4 24. Qd5 Nb6 25. Rf8+ Kxf8 26. Rf2+ Bf6 27.
Rxf6+ Kg7 28. Qf7+ Kh8 29. Bh6 Rg8 30. exd6 Nd5 31. Qxd5 Qxf6 32. Be3 Qf8 33.
bxc4 h6 34. Bd4+ Rg7 35. Bxg6 Rb8 36. Qxa5 Kg8 37. Qe5 Kh8 38. c5 1-0

[Event "Memorial Nicola Palladino A"]
[Site "Milano ITA"]
[Date "2012.04.08"]
[Round "4"]
[White "Montoli, Marco"]
[Black "Marchini, Daniele"]
[Result "0-1"]
[WhiteElo "1921"]
[BlackElo "1845"]
[PlyCount "74"]
[EventDate "2012.04.05"]

1. c4 Nf6 2. g3 e5 3. Bg2 d5 4. cxd5 Nxd5 5. Nc3 Nb6 6. Nf3 Nc6 7. O-O Be7 8.
d3 Be6 9. a3 Bf6 10. Ne4 Be7 11. Be3 O-O 12. Rc1 Rb8 13. Nc5 Bd5 14. b4 Nd7 15.
Qc2 a6 16. Rfd1 f5 17. Nxd7 Qxd7 18. Bc5 Rfe8 19. e3 Bf6 20. e4 Be6 21. Be3 Qf7
22. Qc5 Be7 23. Qc3 f4 24. gxf4 exf4 25. Bc5 Qg6 26. Kh1 Bg4 27. Rg1 Bf6 28. e5
Nxe5 29. Nxe5 Bxe5 30. d4 Bf6 31. Qb3+ Kh8 32. h3 Qh5 33. Bf1 Bf3+ 34. Kh2 b6
35. b5 Bd5 36. Qc2 bxc5 37. bxa6 Bxd4 0-1

[Event "Memorial Nicola Palladino A"]
[Site "Milano ITA"]
[Date "2012.04.08"]
[Round "4"]
[White "Motola, Jacopo"]
[Black "Virzi, Ettore"]
[Result "1/2-1/2"]
[WhiteElo "1932"]
[BlackElo "1944"]
[PlyCount "103"]
[EventDate "2012.04.05"]

1. e4 e5 2. Nf3 Nc6 3. Bb5 a6 4. Bxc6 dxc6 5. O-O Bg4 6. h3 h5 7. d3 Qf6 8. Be3
Bxf3 9. Qxf3 Qxf3 10. gxf3 Bd6 11. Nd2 Ne7 12. Rfb1 c5 13. Nb3 b6 14. a4 a5 15.
Nd2 O-O-O 16. Kf1 Nc6 17. Ke2 g5 18. Bxg5 Nd4+ 19. Kd1 Rdg8 20. c3 Rxg5 21.
cxd4 cxd4 22. Ke2 Rg2 23. Rg1 Rhg8 24. Rxg2 Rxg2 25. Rh1 Kd7 26. Nf1 h4 27. Nh2
f5 28. exf5 Rg5 29. f6 c6 30. Ng4 Ke6 31. Rc1 Kd5 32. b3 Bf8 33. f4 exf4 34.
Kf3 Bd6 35. Re1 Rf5 36. Re7 b5 37. Ra7 Bb4 38. Rd7+ Bd6 39. f7 Ke6 40. Ke4 Rxf7
41. Rxf7 Kxf7 42. Kxd4 Ke6 43. f3 Kf5 44. Nf2 Bb8 45. Ne4 Ba7+ 46. Kc3 Ke5 47.
Ng5 Kd5 48. Nh7 Bd4+ 49. Kc2 Bg7 50. Ng5 Bd4 51. Ne4 Be5 52. Kd1 1/2-1/2

[Event "Memorial Nicola Palladino A"]
[Site "Milano ITA"]
[Date "2012.04.08"]
[Round "4"]
[White "Pelizzola, Danilo"]
[Black "Guzzetti, Luigi Enrico"]
[Result "0-1"]
[WhiteElo "2010"]
[BlackElo "1943"]
[PlyCount "98"]
[EventDate "2012.04.05"]

1. e4 c5 2. Nf3 e6 3. d4 cxd4 4. Nxd4 a6 5. Bd3 Nc6 6. Be3 Nf6 7. O-O Qc7 8.
Qe2 Be7 9. f4 d6 10. Nc3 O-O 11. Rae1 e5 12. Nxc6 bxc6 13. fxe5 dxe5 14. Kh1 a5
15. Na4 c5 16. b3 Bd7 17. Nb2 a4 18. Nc4 Be6 19. Bg5 Ng4 20. Bc1 Nf6 21. Ne3
Rfd8 22. c4 axb3 23. axb3 Qb7 24. Nd5 Bxd5 25. exd5 Qxb3 26. Qxe5 Qxd3 27. Qxe7
Qxc4 28. Rxf6 gxf6 29. Qxf6 Qd4 30. Qg5+ Kh8 31. Qh5 Qc3 32. Rf1 Ra1 33. Qg5 f6
34. Qf4 Qe5 35. Qh6 c4 36. h3 c3 37. Kg1 Rg8 38. Kh1 Ra2 39. Rg1 Re2 40. Bf4
Qf5 41. Be3 Qg6 42. Qxg6 Rxg6 43. Bd4 c2 44. Bc3 Re3 45. Bb2 Kg8 46. Rc1 Re2
47. Ba3 Kf7 48. Bb4 Rgxg2 49. Ba3 Rg5 0-1

[Event "Memorial Nicola Palladino A"]
[Site "Milano ITA"]
[Date "2012.04.08"]
[Round "4"]
[White "Vallone, Ugo"]
[Black "Gonella, Daniele"]
[Result "0-1"]
[WhiteElo "1934"]
[BlackElo "2112"]
[PlyCount "44"]
[EventDate "2012.04.05"]

1. d4 Nf6 2. f3 d5 3. c4 g6 4. cxd5 Nxd5 5. e4 Nb6 6. Nc3 Bg7 7. Be3 O-O 8. Qd2
Nc6 9. Rd1 e5 10. d5 Nd4 11. Bxd4 exd4 12. Nb5 f5 13. Nxd4 fxe4 14. fxe4 Qh4+
15. g3 Qxe4+ 16. Qe2 Qxh1 17. Ngf3 Bg4 18. Kf2 Bxd4+ 19. Rxd4 Rxf3+ 20. Ke1
Rxf1+ 21. Qxf1 Re8+ 22. Kf2 Qxh2+ 0-1

[Event "Memorial Nicola Palladino A"]
[Site "Milano ITA"]
[Date "2012.04.08"]
[Round "4"]
[White "Villa, Giorgio"]
[Black "Tarelli, Daniele"]
[Result "0-1"]
[WhiteElo "1954"]
[BlackElo "1905"]
[PlyCount "132"]
[EventDate "2012.04.05"]

1. d4 d5 2. Nf3 Nf6 3. c4 c6 4. e3 Bf5 5. Nc3 dxc4 6. Bxc4 e6 7. O-O Nbd7 8.
Qe2 Ne4 9. Nd2 Ndf6 10. f3 Nxd2 11. Bxd2 Be7 12. e4 Bg6 13. Be3 O-O 14. Rfd1
Qc7 15. Rac1 Bb4 16. a3 Bxc3 17. bxc3 Qa5 18. Qb2 b5 19. Bf1 a6 20. Ra1 Rab8
21. Rdb1 h6 22. Bf4 Rbd8 23. a4 Qb6 24. axb5 axb5 25. Ra3 Ra8 26. Rba1 Rxa3 27.
Rxa3 Rd8 28. Qa1 Rd7 29. Ra6 Qb7 30. Ra8+ Kh7 31. Rb8 Qa7 32. Qxa7 Rxa7 33. Rb6
Nxe4 34. fxe4 Bxe4 35. Bd6 Ra2 36. Rb7 Kg6 37. Rc7 Kf6 38. Bc5 Kg6 39. Ra7 Rc2
40. Bb4 Kf6 41. Ra1 Bd5 42. Re1 g5 43. Re2 Rc1 44. Kf2 Bc4 45. Re1 Rxe1 46.
Kxe1 Bxf1 47. Kxf1 e5 48. dxe5+ Kxe5 49. Kf2 Kd5 50. Kf3 f5 51. Bf8 h5 52. Bh6
Kc4 53. Bg7 Kd3 54. g3 h4 55. gxh4 gxh4 56. Bd4 b4 57. Bg7 b3 58. c4 Kxc4 59.
Kf4 Kd3 60. Kxf5 c5 61. Kg4 c4 62. Kxh4 c3 63. Kg4 b2 64. Bxc3 Kxc3 65. h4 b1=Q
66. h5 Qh7 0-1

[Event "Memorial Nicola Palladino A"]
[Site "Milano ITA"]
[Date "2012.04.09"]
[Round "5"]
[White "Astengo, Corrado"]
[Black "Motola, Jacopo"]
[Result "1-0"]
[WhiteElo "2122"]
[BlackElo "1932"]
[PlyCount "95"]
[EventDate "2012.04.05"]

1. e4 c5 2. Nf3 d6 3. d4 cxd4 4. Nxd4 Nf6 5. Nc3 g6 6. Be3 Bg7 7. f3 Nc6 8. Qd2
O-O 9. O-O-O Nxd4 10. Bxd4 Be6 11. Kb1 Qc7 12. h4 Rfc8 13. h5 Qa5 14. hxg6 Rxc3
15. gxh7+ Nxh7 16. Qxc3 Qxa2+ 17. Kc1 Rc8 18. Qa3 Qxa3 19. bxa3 Bb3 20. Bxg7
Kxg7 21. Bd3 Ng5 22. Kb2 Ba4 23. Rh5 Ne6 24. Rdh1 Nf4 25. Rg5+ Ng6 26. f4 e5
27. g3 Kf6 28. Rhh5 Ke7 29. f5 Nf8 30. Rg8 f6 31. Rg7+ Ke8 32. Rh8 a6 33. c3
Bb5 34. Bc2 Bc4 35. Rxb7 Be2 36. Ba4+ Bb5 37. Bd1 Kd8 38. Rxf8+ Be8 39. Bh5 Rc7
40. Rxe8+ Kd7 41. Rxc7+ Kxc7 42. Re6 Kd7 43. Rxf6 Ke7 44. Rf7+ Ke8 45. f6 Kd8
46. Ra7 a5 47. f7 d5 48. f8=R# 1-0

[Event "Memorial Nicola Palladino A"]
[Site "Milano ITA"]
[Date "2012.04.09"]
[Round "5"]
[White "Gagliardi, Christian"]
[Black "Gilardi, Davide"]
[Result "0-1"]
[WhiteElo "2233"]
[BlackElo "1976"]
[PlyCount "70"]
[EventDate "2012.04.05"]

1. d4 Nf6 2. Nf3 c5 3. c3 e6 4. Bf4 b6 5. e3 Ba6 6. Bxa6 Nxa6 7. O-O Be7 8.
Nbd2 O-O 9. Qe2 Nc7 10. h3 d6 11. a4 Qc8 12. e4 Rd8 13. Bg5 cxd4 14. Nxd4 Qb7
15. b4 e5 16. Nf5 Ne6 17. Bxf6 Bxf6 18. g3 Rac8 19. Rac1 Bg5 20. Rfd1 g6 21.
Ne3 Bxe3 22. Qxe3 a5 23. Nb3 Qc6 24. Ra1 Qxc3 25. bxa5 Qxe3 26. fxe3 Rc3 27.
Rab1 bxa5 28. Nxa5 Rxe3 29. Kf2 Rxe4 30. Nc6 Ra8 31. Rxd6 Raxa4 32. Rb8+ Kg7
33. h4 Nd4 34. Nxd4 Raxd4 35. Ra6 Ra4 0-1

[Event "Memorial Nicola Palladino A"]
[Site "Milano ITA"]
[Date "2012.04.09"]
[Round "5"]
[White "Gallucci, Alessio"]
[Black "Cazzaniga, Walter"]
[Result "1-0"]
[WhiteElo "2238"]
[BlackElo "2124"]
[PlyCount "75"]
[EventDate "2012.04.05"]

1. c4 Nf6 2. Nc3 g6 3. g3 Bg7 4. Bg2 c5 5. Nf3 Nc6 6. O-O O-O 7. d4 cxd4 8.
Nxd4 Ng4 9. e3 d6 10. b3 Bd7 11. Bb2 Nxd4 12. exd4 Rb8 13. Rc1 Nh6 14. Ba1 Nf5
15. Nd5 e6 16. Ne3 Nxe3 17. fxe3 f5 18. Kh1 g5 19. e4 g4 20. c5 Bb5 21. Re1 h5
22. exf5 Rxf5 23. Rxe6 dxc5 24. Qc2 Qg5 25. dxc5 Bd3 26. Qd1 Bxa1 27. Rxa1 Rd8
28. Rd6 Rxd6 29. cxd6 Rd5 30. Qe1 Rxd6 31. Qe8+ Kg7 32. Re1 Qf6 33. Qxh5 Be2
34. Qc5 b6 35. Qc7+ Kg8 36. Qb8+ Kg7 37. Qb7+ Kh6 38. Qe4 1-0

[Event "Memorial Nicola Palladino A"]
[Site "Milano ITA"]
[Date "2012.04.09"]
[Round "5"]
[White "Gonella, Daniele"]
[Black "Cani, Gazmir"]
[Result "1-0"]
[WhiteElo "2112"]
[BlackElo "2155"]
[PlyCount "99"]
[EventDate "2012.04.05"]

1. e4 c5 2. Nc3 d6 3. g3 g6 4. Bg2 Bg7 5. f4 Nc6 6. d3 e6 7. Nf3 Nge7 8. O-O
O-O 9. Be3 Nd4 10. e5 Nef5 11. Bf2 dxe5 12. Nxe5 Qc7 13. Ne4 Nd6 14. c3 Nxe4
15. dxe4 Nb5 16. Nc4 Rd8 17. Qb3 Nd6 18. Nxd6 Rxd6 19. Qc4 e5 20. Qxc5 Qxc5 21.
Bxc5 Rd2 22. Rf2 Rd8 23. Kf1 b6 24. Be3 Rd3 25. Re1 Be6 26. a3 Rad8 27. Bf3 Bf8
28. Kg2 Bc5 29. Bxc5 bxc5 30. fxe5 Kf8 31. Be2 Re3 32. Rd1 Rxd1 33. Bxd1 Rxe4
34. Re2 Rxe2+ 35. Bxe2 Ke7 36. Kf3 Bd5+ 37. Kf4 h6 38. h4 a5 39. b4 cxb4 40.
cxb4 axb4 41. axb4 Kd7 42. Ke3 g5 43. hxg5 hxg5 44. Kd4 Bb7 45. Bc4 Ke7 46. b5
f6 47. exf6+ Kxf6 48. Bd5 Bc8 49. b6 Kf5 50. Ke3 1-0

[Event "Memorial Nicola Palladino A"]
[Site "Milano ITA"]
[Date "2012.04.09"]
[Round "5"]
[White "Marchini, Daniele"]
[Black "Bozzali, Ermanno"]
[Result "1-0"]
[WhiteElo "1845"]
[BlackElo "2123"]
[PlyCount "125"]
[EventDate "2012.04.05"]

1. d4 f5 2. Bf4 Nf6 3. Nf3 b6 4. h3 Bb7 5. e3 e6 6. Be2 Bd6 7. Bxd6 cxd6 8. c4
Qe7 9. Nc3 O-O 10. O-O d5 11. Nd2 dxc4 12. Nxc4 Kh8 13. Bf3 Bxf3 14. Qxf3 d5
15. Ne5 Nfd7 16. Qg3 Nxe5 17. Qxe5 Nc6 18. Qg3 f4 19. exf4 Nxd4 20. Rad1 Qc5
21. Qe3 Nf5 22. Qxe6 d4 23. Ne4 Qb4 24. Ng5 Nh6 25. Qe4 Nf5 26. g4 Rae8 27. Qd5
Nh6 28. Qxd4 Rxf4 29. Qd3 g6 30. Qd7 Re7 31. Qc8+ Kg7 32. Ne6+ Rxe6 33. Qxe6
Nxg4 34. Rd7+ Kh6 35. Qe7 Nf6 36. Qxb4 Rxb4 37. Rxa7 Rxb2 38. Re1 Rb5 39. Ree7
Kg5 40. a4 Rb3 41. Re3 Rb4 42. Re5+ Kh4 43. Kg2 h5 44. Rb5 Rf4 45. Rxb6 Ne4 46.
Rb2 Ng5 47. Rb3 Ne6 48. a5 g5 49. Ra3 Rc4 50. Rf7 Nf4+ 51. Rxf4+ Rxf4 52. a6
Rf8 53. a7 Ra8 54. Ra4+ g4 55. hxg4 hxg4 56. f4 Kh5 57. Kg3 Kg6 58. Kxg4 Kf6
59. Ra6+ Kf7 60. Kf5 Ke7 61. Kg6 Kf8 62. f5 Kg8 63. Rb6 1-0

[Event "Memorial Nicola Palladino A"]
[Site "Milano ITA"]
[Date "2012.04.09"]
[Round "5"]
[White "Petrone, Gianmario"]
[Black "Guzzetti, Luigi Enrico"]
[Result "1-0"]
[WhiteElo "1899"]
[BlackElo "1943"]
[PlyCount "71"]
[EventDate "2012.04.05"]

1. e4 c5 2. Nf3 e6 3. d4 cxd4 4. Nxd4 a6 5. Nc3 Qc7 6. Bd3 Nf6 7. O-O Nc6 8.
Be3 Be7 9. Kh1 d6 10. f4 O-O 11. Qf3 e5 12. fxe5 dxe5 13. Nf5 Bxf5 14. Qxf5 Qd7
15. Nd5 Qxf5 16. Rxf5 Nxd5 17. exd5 g6 18. Rf2 Nb8 19. Bc4 Bd6 20. Rf6 Bc7 21.
Bh6 Bd8 22. Rff1 Nd7 23. Bxf8 Kxf8 24. g4 f6 25. d6 Kg7 26. Bd5 Rb8 27. c4 Nc5
28. b4 Nd3 29. Rab1 Nf4 30. Be4 Kf7 31. Rbd1 b6 32. c5 bxc5 33. bxc5 Ba5 34.
Rb1 Rc8 35. Rb7+ Ke6 36. Re7# 1-0

[Event "Memorial Nicola Palladino A"]
[Site "Milano ITA"]
[Date "2012.04.09"]
[Round "5"]
[White "Sbarra, Marco"]
[Black "Di Chiara, Mauro"]
[Result "1-0"]
[WhiteElo "2305"]
[BlackElo "1977"]
[PlyCount "67"]
[EventDate "2012.04.05"]

1. d4 d6 2. Nf3 Nf6 3. c4 g6 4. Nc3 Bg7 5. e4 O-O 6. Be2 e5 7. d5 a5 8. Bg5 h6
9. Bh4 Na6 10. Nd2 Qe8 11. O-O Bd7 12. Rb1 Nh7 13. f3 f5 14. b3 Bf6 15. Bf2 Qe7
16. a3 f4 17. b4 axb4 18. axb4 Bh4 19. Bxh4 Qxh4 20. c5 Ng5 21. Nc4 dxc5 22.
Nxe5 cxb4 23. Nxg6 Nh3+ 24. gxh3 Qxh3 25. Nxf8 Rxf8 26. Bxa6 Rf6 27. Kh1 Rg6
28. Rg1 Rg3 29. Rxg3+ fxg3 30. Qg1 bxc3 31. Qxg3+ Qxg3 32. hxg3 bxa6 33. Rc1 a5
34. Rxc3 1-0

[Event "Memorial Nicola Palladino A"]
[Site "Milano ITA"]
[Date "2012.04.09"]
[Round "5"]
[White "Tarelli, Daniele"]
[Black "Pelizzola, Danilo"]
[Result "0-1"]
[WhiteElo "1905"]
[BlackElo "2010"]
[PlyCount "134"]
[EventDate "2012.04.05"]

1. e4 c5 2. Nf3 Nc6 3. d4 cxd4 4. Nxd4 Nf6 5. Nc3 e5 6. Ndb5 d6 7. Bg5 a6 8.
Na3 b5 9. Nd5 Be7 10. Bxf6 Bxf6 11. c3 O-O 12. Nc2 Bb7 13. Nce3 g6 14. Qf3 Bg7
15. g4 b4 16. Nxb4 Nxb4 17. cxb4 Qb6 18. Nc2 Rac8 19. Bd3 f5 20. gxf5 Rxf5 21.
Qe3 Qxe3+ 22. Nxe3 Rf4 23. Nc4 Bf8 24. Nd2 d5 25. a3 dxe4 26. Bc4+ Kh8 27. Rg1
Bh6 28. Bb3 Rh4 29. Nf1 Rf8 30. Rd1 Rhf4 31. Bd5 Bc8 32. Rd2 Rd8 33. Bc6 Rd4
34. b5 axb5 35. Bxb5 Rf8 36. Rxd4 exd4 37. Bc6 Bf5 38. Ng3 Rc8 39. Nxf5 gxf5
40. Ba4 Bc1 41. Bd7 Rf8 42. b4 Bxa3 43. b5 Bb4+ 44. Ke2 d3+ 45. Ke3 Bc5+ 46.
Kf4 Bxf2 47. Rf1 d2 48. Rd1 e3 49. Kf3 Rf6 50. Ke2 f4 51. Bc6 Kg7 52. Bf3 Rb6
53. Rb1 Kf6 54. h3 Be1 55. Bg4 Kg5 56. Kd3 Kh4 57. Kc4 h5 58. Bf3 Kxh3 59. Bxh5
Kg3 60. Kd3 Kf2 61. Bg4 f3 62. Rd1 e2 63. Bxf3 Kxf3 64. Rb1 d1=Q+ 65. Kc4 Qxb1
66. Kc5 Qxb5+ 67. Kd4 Rd6# 0-1